Top 26 Pyraminx AVGs in Poland - Statistics

General Stats
  • This quiz has been taken 2 times
  • The average score is 15 of 26
Answer Stats
Hint Answer % Correct
1.82 Cyprian Doza
100%
1.80 Dominik Górny
100%
1.71 Jakub Hibszer
100%
1.84 Jakub Majchrzak
100%
2.31 Maciej Jabłoński
100%
1.93 Magdalena Pabisz
100%
1.90 Mateusz Szwugier
100%
1.98 Piotr Olszewski
100%
1.72 Tymon Kolasiński
100%
2.42 Adam Romanowski
50%
2.25 Aleksander Arefiew
50%
2.18 Dawid Wójcik
50%
2.46 Ignacy Samselski
50%
2.30 Kajetan Opach
50%
2.35 Maksymilian Kulas
50%
2.26 Olaf Kuźmiński
50%
2.16 Paweł Urbański
50%
2.57 Piotr Tokarski
50%
2.61 Przemysław Rogalski
50%
2.18 Rafał Waryszak
50%
2.25 Szymon Zastawny
50%
2.57 Adam Jagła
0%
2.15 Adam Kędziorski
0%
2.25 Antoni Stojek
0%
2.47 Maciej Czapiewski
0%
2.33 Tobiasz Urbanowicz
0%
No matching quizzes found
Score Distribution
Percent of People with Each Score
Percentile by Number Answered
Your Score History
You have not taken this quiz